000 00983nam a2200301 a 4500
001 vtls000195839
003 NLI
005 20210602113028.0
008 101125s1974 enka 000 0 eng
020 _a0631153705 :
_cPND 5.00
039 9 _y201011252321
_zVLOAD
040 0 _aNLI
_beng
_cDatasoft 1
_eAACR2
041 0 _aeng
044 _aenk
082 0 4 _a338.10942
100 1 _aJones, E. L.
_q(Eric Lionel)
_9374422
245 1 0 _aAgriculture and the industrial revolution /
_cE. L. Jones
260 _aOxford :
_bBlackwell,
_cc1974
300 _axiii, 233 p. :
_bill. ;
_c23 cm.
650 0 _aAgriculture
_xEconomic aspects
_zGreat Britain
_946250
650 0 _aAgriculture
_zGreat Britain
_xHistory
887 _a
901 _a416587
_b1.3.1975
902 _aE 338.10942 J 714
942 _2ddc
_cBKS
949 _AVIRTUAITEM
_D10000
_X100
_6PUR000416587ENG
999 _aVIRTUA40
_c200047
_d200047
999 _aVTLSSORT0080*0200*0400*0410*0440*0820*1000*2450*2600*3000*6500*6501*9010*9020*9490*9991